Online
Catalog

La infertilidad : (Record no. 48546)

MARC details
000 -CABECERA
campo de control de longitud fija 01101nam a2200229 a 4500
001 - NÚMERO DE CONTROL
campo de control 000049058
005 - FECHA Y HORA DE LA ÚLTIMA TRANSACCIÓN
campo de control 20201002061623.0
008 - DATOS DE LONGITUD FIJA--INFORMACIÓN GENERAL
campo de control de longitud fija 190716s1979 dr 000 0 spa d
040 ## - FUENTE DE LA CATALOGACIÓN
Centro catalogador/agencia de origen DO-SdBNP
Lengua de catalogación spa
Centro/agencia transcriptor BNPHU
082 ## - NÚMERO DE LA CLASIFICACIÓN DECIMAL DEWEY
Número de clasificación xx
Número de documento/Ítem xx
245 03 - MENCIÓN DE TÍTULO
Título La infertilidad :
Resto del título Documentos -15 /
Mención de responsabilidad, etc. José Rafael Sosa ...[et.al].
260 ## - PUBLICACIÓN, DISTRIBUCIÓN, ETC.
Lugar de publicación, distribución, etc. Santo Domingo, República Dominicana :
Nombre del editor, distribuidor, etc. PROFAMILIA,
Fecha de publicación, distribución, etc. 1979.
300 ## - DESCRIPCIÓN FÍSICA
Extensión 47 p. ;
Dimensiones 22 cm.
500 ## - NOTA GENERAL
Nota general Tres Ponencia celebrada en la Biblioteca Nacional
500 ## - NOTA GENERAL
Nota general II La Infertilidad femenina /
-- Víctor Ml. Montes Oca --
-- III Infertilidad masculina y su tratamiento /
-- DR. Franz Miniño Marión-Landais --
-- IV Razones endocrinológicas de la infertilidad /
-- DR. Sócrates Mañón.
500 ## - NOTA GENERAL
Nota general Incluye datos biográficos de los exponentes
590 ## - NOTA LOCAL (RLIN)
Nota local Inventariado, 2019/VM
700 1# - PUNTO DE ACCESO ADICIONAL--NOMBRE DE PERSONA
Nombre de persona Sosa, José Rafael
9 (RLIN) 64
700 1# - PUNTO DE ACCESO ADICIONAL--NOMBRE DE PERSONA
Nombre de persona Monte Oca, Víctor Ml.
Título de la obra La Infertilidad femenina
9 (RLIN) 76453
700 1# - PUNTO DE ACCESO ADICIONAL--NOMBRE DE PERSONA
Nombre de persona Miniño Marión-Landais, Franz
Título de la obra Infertilidad masculina y su tratamiento
9 (RLIN) 76454
700 1# - PUNTO DE ACCESO ADICIONAL--NOMBRE DE PERSONA
Nombre de persona Mañón, Sócrates
Título de la obra Razones endocrinológicas de la infertilidad
9 (RLIN) 76455
Holdings
Estado de retiro Estado de pérdida No para préstamo Código de colección Localización permanente Ubicación/localización actual Ubicación en estantería Fecha de adquisición Número de inventario Total de préstamos Signatura topográfica completa Código de barras Fecha visto por última vez Precio válido a partir de Tipo de ítem Koha Nota pública
    Excluido de préstamo Patrimonio Dominicano Patrimonio Dominicano Patrimonio Dominicano Depósito 16.07.2019 LF1   xx xx 49059-10 25.06.2020 25.06.2020 Libro y Folleto Colección Patrimonio Dominicano Perteneció a la biblioteca personal de la Flia. Reyes Duluc
      Patrimonio Dominicano Patrimonio Dominicano Patrimonio Dominicano Orden iniciada 16.07.2019 LF1   xx xx 49060-10 25.06.2020 25.06.2020 Libro y Folleto Colección Patrimonio Dominicano  

Powered by Koha